| 000 | 00605nam a2200145Ia 4500 | ||
|---|---|---|---|
| 008 | 170221s9999 xx 000 0 und d | ||
| 100 | _aKavitha Ramamurthi | ||
| 245 | _aImpact of Job Stressors Factors on Employees’ Intention to Leave Mediated by Job Engagement and Dispositional Factors | ||
| 245 | _cKavitha Ramamurthi, Amin Vakilbashi, Siti Zaleha Abdul Rashid, Mozhdeh Mokhber, Rohaida Basiruddin | ||
| 260 | _bInternational Review of Management and Marketing | ||
| 260 | _c2012 | ||
| 300 | _a7 : 1 | ||
| 650 | _xMarketing. | ||
| 856 | _uhttp://www.econjournals.com/index.php/irmm/issue/view/82 | ||
| 999 |
_c313984 _d313984 |
||